| 000 | 00733nam a22002417a 4500 | ||
|---|---|---|---|
| 999 |
_c15740 _d15740 |
||
| 003 | AR-CdUCM | ||
| 008 | 190429b ||||| |||| 00| 0 spa d | ||
| 040 |
_aMUNICIPALIDAD PROVINCIAL DEL CUSCO _cBIBLIOTECA MUNICIPAL DEL CUSCO |
||
| 082 |
_22ed. _aEP / 398 / _bSI58 |
||
| 110 |
_aUNICEF. _99438 |
||
| 245 | _aI Siwarcha / | ||
| 260 |
_aLima : _bEBRA, _c2007. |
||
| 300 |
_a44 páginas ; _bilustraciones, _c21 cm. |
||
| 500 | _aTexto en Quechua. | ||
| 650 |
_aLiteratura _983 |
||
| 650 |
_aAdivinanzas _934933 |
||
| 650 |
_aAprendizaje _92143 |
||
| 700 |
_aScheuch Pool, Gisella (diseño) _934934 |
||
| 700 |
_aRoca Tapia, Gudelia (dibujo) _934935 |
||
| 710 |
_aUNICEF. _99438 |
||
| 942 |
_2ddc _cLIBROS |
||
| 945 |
_aachl _d2019-04-29 |
||